Statistics for MLB 2018 Home Run Leaders

Click here to take the quiz!

General Stats

  • This quiz has been taken 70 times
  • The average score is 9 of 20

Answer Stats

Homerun TotalPlayer% Correct
38Giancarlo Stanton
86%
39Mike Trout
83%
34Bryce Harper
67%
43J.D. Martinez
64%
37Nelson Cruz
60%
48Khris Davis
57%
38Nolan Arenado
57%
36Christian Yelich
52%
38Francisco Lindor
52%
37Manny Machado
50%
33Paul Goldschmidt
50%
39Jose Ramirez
43%
34Javier Baez
40%
40Joey Gallo
38%
34Eugenio Suarez
26%
37Trevor Story
24%
35Max Muncy
21%
34Rhys Hoskins
21%
36Matt Carpenter
19%
35Jesus Aguilar
10%

Score Distribution

Percentile by Number Answered

Percent of People with Each Score

Your Score History

You have not taken this quiz